| 000 | 00674nam a2200217 a 4500 | ||
|---|---|---|---|
| 001 | 13930 | ||
| 003 | BD-JhCC | ||
| 005 | 20240516092716.0 | ||
| 008 | 240516b2019 ii |||| ||a| 001 0 eng d | ||
| 020 | _a9789387788336 | ||
| 035 | _a(BD-JhCC)13930 | ||
| 040 |
_aBD-JhCC _dBD-JhCC |
||
| 041 | _aenglish | ||
| 082 |
_a363.7. _bKUM 2019 |
||
| 100 | _a De,Anil Kumar | ||
| 245 |
_aEnvironment Encyclopaedia / _cAnil K. De. |
||
| 260 |
_aIndia: _bNew Age International Publishers; _c2019. |
||
| 300 |
_a197 p. : _bill; _c26 cm. |
||
| 650 |
_aBiologie de la conservation _vEmergency management _xEnvironmental management _yEnvironnement Gestion _zGlobal Warming |
||
| 942 |
_2ddc _cBK |
||
| 999 |
_c13930 _d13930 |
||